March Madness Runner-Ups - Statistics

General Stats
  • This quiz has been taken 72 times
    44 since last reset
  • The average score is 55 of 85
Answer Stats
Year Team Winning Team % Correct
2022 North Carolina Kansas
100%
2016 North Carolina Villanova
100%
1981 North Carolina Indiana
100%
1977 North Carolina Marquette
100%
1968 North Carolina UCLA
100%
1946 North Carolina Oklahoma State
100%
2024 Purdue Connecticut
95%
1969 Purdue UCLA
95%
2023 San Diego State Connecticut
92%
2021 Gonzaga Baylor
90%
2017 Gonzaga North Carolina
90%
2014 Kentucky Connecticut
90%
1997 Kentucky Arizona
90%
1975 Kentucky UCLA
90%
1966 Kentucky UTEP
90%
2018 Michigan Villanova
90%
2013 Michigan Louisville
90%
1993 Michigan North Carolina
90%
1992 Michigan Duke
90%
1976 Michigan Indiana
90%
1965 Michigan UCLA
90%
2019 Texas Tech Virginia
90%
2006 UCLA Florida
87%
1980 UCLA Louisville
87%
1999 Duke Connecticut
85%
1994 Duke Arkansas
85%
1990 Duke UNLV
85%
1986 Duke Louisville
85%
1978 Duke Kentucky
85%
1964 Duke UCLA
85%
2012 Kansas Kentucky
82%
2003 Kansas Syracuse
82%
1991 Kansas Duke
82%
1957 Kansas North Carolina
82%
1953 Kansas Indiana
82%
1940 Kansas Indiana
82%
2009 Michigan State North Carolina
77%
2011 Butler Connecticut
72%
2010 Butler Duke
72%
2015 Wisconsin Duke
72%
2007 Ohio State Florida
69%
1962 Ohio State Cincinnati
69%
1961 Ohio State Cincinnati
69%
1939 Ohio State Oregon
69%
2001 Arizona Duke
67%
2000 Florida Michigan State
67%
2002 Indiana Maryland
67%
1971 Villanova UCLA
67%
1996 Syracuse Kentucky
64%
1987 Syracuse Indiana
64%
1985 Georgetown Villanova
56%
1982 Georgetown North Carolina
56%
1943 Georgetown Wyoming
56%
1984 Houston Georgetown
56%
1983 Houston NC State
56%
1988 Oklahoma Kansas
54%
1947 Oklahoma Holy Cross
54%
1948 Baylor Kentucky
51%
1995 Arkansas UCLA
49%
2005 Illinois North Carolina
49%
1974 Marquette NC State
49%
1998 Utah Kentucky
49%
1963 Cincinnati Loyola Chicago
46%
1979 Indiana State Michigan State
41%
2008 Memphis Kansas
41%
1973 Memphis UCLA
41%
1972 Florida State UCLA
38%
1955 La Salle San Francisco
38%
1949 Oklahoma State Kentucky
38%
1989 Seton Hall Michigan
38%
1956 Iowa San Francisco
36%
2004 Georgia Tech Connecticut
33%
1941 Washington State Wisconsin
33%
1951 Kansas State Kentucky
31%
1960 California Ohio State
28%
1952 St. John's Kansas
28%
1945 NYU Oklahoma State
26%
1959 West Virginia California
26%
1944 Dartmouth Utah
21%
1942 Dartmouth Stanford
21%
1967 Dayton UCLA
21%
1970 Jacksonville UCLA
18%
1958 Seattle Kentucky
18%
1954 Bradley La Salle
15%
1950 Bradley CCNY
15%
No matching quizzes found
Score Distribution
Percent of People with Each Score
Percentile by Number Answered
Your Score History
You have not taken this quiz since the last reset